Od koncepcií lokalizácie k endogénnemu regionálnemu rozvoju

Regionálny rozvoj podľa neoklasickej alebo keynesovskej koncepcie. Význam teoretických prístupov, ktoré vysvetľujú vývoj v priestore a vývoj myslenia v druhej polovici 20-eho storočia až po súčasnosť.

Gespeichert in:
Bibliographische Detailangaben
1. Verfasser: Tvrdoň, Jozef
Format: Buchkapitel
Sprache:Slowakisch
Schlagworte:
Tags: Tag hinzufügen
Keine Tags, Fügen Sie das erste Tag hinzu!

MARC

LEADER 00000nla a2200000 4500
001 0195713
005 20240502083456.9
041 0 |a slo 
044 |a CZ 
245 1 0 |a Od koncepcií lokalizácie k endogénnemu regionálnemu rozvoju  |c Jozef Tvrdoň 
520 |a Regionálny rozvoj podľa neoklasickej alebo keynesovskej koncepcie. Význam teoretických prístupov, ktoré vysvetľujú vývoj v priestore a vývoj myslenia v druhej polovici 20-eho storočia až po súčasnosť. 
610 2 0 |a rozvoj regionálny 
610 2 0 |a ekonomika priestorová 
610 2 0 |a politika regionálna 
610 2 0 |a plánovanie regionálne 
610 2 0 |a technológie nové 
610 2 0 |a inovácia 
100 1 |a Tvrdoň, Jozef